[Event "Sofia MGU op 181st"]
[Site "Sofia"]
[Date "2017.02.11"]
[Round "3"]
[White "Sharkov, Venko"]
[Black "Karaivanova, Petya F"]
[Result "1/2-1/2"]
[WhiteElo "1675"]
[BlackElo "1429"]
[PlyCount "68"]
[EventDate "2017.02.11"]
[EventType "swiss"]
[EventRounds "6"]
[EventCountry "BUL"]
[SourceTitle "CBM 176 Extra"]
[Source "ChessBase"]
[SourceDate "2017.03.02"]
[SourceVersion "1"]
[SourceVersionDate "2017.03.02"]
[SourceQuality "1"]

1. Nf3 d5 2. d4 Nf6 3. c4 c6 4. Nc3 e6 5. Bg5 h6 6. Bh4 Bd6 7. Qc2 Nbd7 8. e4 dxe4 9. Nxe4 Bb4+ 10. Ned2 Qa5 11. Bd3 c5 12. 0-0 Bxd2 13. Nxd2 cxd4 14. Nb3 Qh5 15. Bxf6 Nxf6 16. Nxd4 0-0 17. Rad1 b6 18. Be2 Qg5 19. Bf3 Rb8 20. Qa4 Bb7 21. Qxa7 Bxf3 22. Nxf3 Qc5 23. Qa4 Ra8 24. Qb3 Rfd8 25. a3 Ne4 26. Qc2 Nd6 27. Nd2 b5 28. Nb3 Qxc4 29. Rc1 Qxc2 30. Rxc2 Nc4 31. Rfc1 Rd5 32. Kf1 Rad8 33. Ke2 Re5+ 34. Kf1 Red5 1/2-1/2

[Event "Sofia MGU op 179th"]
[Site "Sofia"]
[Date "2017.01.14"]
[Round "3"]
[White "Georgiev, Nikolay"]
[Black "Sharkov, Venko"]
[Result "1-0"]
[WhiteElo "1623"]
[BlackElo "1701"]
[PlyCount "85"]
[EventDate "2017.01.14"]
[EventType "swiss"]
[EventRounds "6"]
[EventCountry "BUL"]
[SourceTitle "CBM 176 Extra"]
[Source "ChessBase"]
[SourceDate "2017.03.02"]
[SourceVersion "1"]
[SourceVersionDate "2017.03.02"]
[SourceQuality "1"]

1. e4 e5 2. Nc3 Nc6 3. Bc4 Nf6 4. d3 Bb4 5. Bd2 Bxc3 6. Bxc3 d5 7. Bb5 Qe7 8. Nf3 Bg4 9. h3 Bd7 10. Bxc6 Bxc6 11. Nxe5 dxe4 12. Nxc6 bxc6 13. 0-0 0-0-0 14. Bxf6 Qxf6 15. Qg4+ Kb8 16. Qxe4 Rd4 17. Qe1 g5 18. Qc3 Qd6 19. Rae1 Rg8 20. Qb3+ Rb4 21. Qxf7 Rf8 22. Qxh7 Rxb2 23. Rb1 Qb4 24. Rxb2 Qxb2 25. c4 Qxa2 26. Qg7 Rf5 27. Qd7 Rc5 28. Qd4 Ra5 29. f3 Qc2 30. Rf2 Qc1+ 31. Kh2 Ra1 32. Rb2+ Kc8 33. Qg4+ Kd8 34. Rb8+ Ke7 35. Qe4+ Kd7 36. Qd4+ Ke7 37. Qe5+ Kd7 38. Qe8+ Kd6 39. Qf8+ Ke5 40. Qc5+ Ke6 41. Re8+ Kf7 42. Qf8+ Kg6 43. Re6+ 1-0

[Event "Sofia MGU op 178th"]
[Site "Sofia"]
[Date "2017.01.08"]
[Round "4"]
[White "Huebner, Thomas"]
[Black "Sharkov, Venko"]
[Result "0-1"]
[WhiteElo "1880"]
[BlackElo "1701"]
[PlyCount "42"]
[EventDate "2017.01.07"]
[EventType "swiss"]
[EventRounds "6"]
[EventCountry "BUL"]
[SourceTitle "CBM 176 Extra"]
[Source "ChessBase"]
[SourceDate "2017.03.02"]
[SourceVersion "1"]
[SourceVersionDate "2017.03.02"]
[SourceQuality "1"]

1. e4 e5 2. Bc4 Nf6 3. d4 exd4 4. Nf3 Bb4+ 5. c3 dxc3 6. bxc3 d5 7. Bb3 Ba5 8. e5 Ne4 9. Qd3 c6 10. Ba3 Bf5 11. Qe3 Bb6 12. Nd4 Bg6 13. 0-0 Nd7 14. Qe2 Ndc5 15. Kh1 Qh4 16. Nf3 Qh5 17. Bc2 Ng5 18. e6 fxe6 19. Re1 Nxf3 20. gxf3 0-0-0 21. Bb3 Bc7 0-1

[Event "Sofia MGU op 178th"]
[Site "Sofia"]
[Date "2017.01.07"]
[Round "2"]
[White "Sharkov, Venko"]
[Black "Metev, Martin"]
[Result "0-1"]
[WhiteElo "1701"]
[BlackElo "2062"]
[PlyCount "108"]
[EventDate "2017.01.07"]
[EventType "swiss"]
[EventRounds "6"]
[EventCountry "BUL"]
[SourceTitle "CBM 176 Extra"]
[Source "ChessBase"]
[SourceDate "2017.03.02"]
[SourceVersion "1"]
[SourceVersionDate "2017.03.02"]
[SourceQuality "1"]

1. Nf3 d5 2. c4 e6 3. d4 c6 4. g3 Nd7 5. Qc2 Ngf6 6. Bg2 Be7 7. 0-0 0-0 8. Nbd2 b6 9. Rd1 Bb7 10. e4 dxe4 11. Ng5 c5 12. Ngxe4 Qc7 13. Nxf6+ Nxf6 14. Ne4 cxd4 15. Rxd4 Rac8 16. Qd3 Nxe4 17. Bxe4 Bxe4 18. Rxe4 Rfd8 19. Qe2 Bf6 20. Bf4 Qc6 21. Re1 h6 22. b3 Rd7 23. Qf3 e5 24. Bxh6 gxh6 25. Rg4+ Kf8 26. Qf5 Qe6 27. Qh5 Bg7 28. Re3 Qc6 29. Rh4 Rcd8 30. Rf3 Qe6 31. Rg4 e4 32. Rf5 e3 33. fxe3 Qxe3+ 34. Kg2 Qe6 35. Rg6 Qe4+ 36. Kh3 Kg8 37. Rg4 Qe6 38. Re5 Qf6 39. Rf5 Qc6 40. Rgf4 Qg6 41. Qf3 Rd3 42. Qb7 R8d7 43. Qc8+ Kh7 44. Qe8 Rd2 45. Rxf7 Rxf7 46. Qxf7 Qxf7 47. Rxf7 Rxa2 48. Rd7 Ra3 49. Rb7 Kg6 50. Kg4 Rxb3 51. Rxa7 Rb4 52. Rc7 b5 53. Rc6+ Bf6 54. Rb6 Rxc4+ 0-1

[Event "Sofia MGU op 167th"]
[Site "Sofia"]
[Date "2016.04.10"]
[Round "4"]
[White "Sharkov, Venko"]
[Black "Semerdzhiev, Denis"]
[Result "1/2-1/2"]
[WhiteElo "1709"]
[BlackElo "1911"]
[PlyCount "95"]
[EventDate "2016.04.09"]
[EventType "swiss"]
[EventRounds "6"]
[EventCountry "BUL"]
[SourceTitle "CBM 171 Extra"]
[Source "ChessBase"]
[SourceDate "2016.04.26"]
[SourceVersion "1"]
[SourceVersionDate "2016.04.26"]
[SourceQuality "1"]

1. Nf3 d5 2. g3 c5 3. c4 e6 4. Bg2 Nc6 5. 0-0 d4 6. d3 Bd6 7. e3 e5 8. exd4 exd4 9. Na3 Nge7 10. Nc2 a5 11. a3 0-0 12. Ng5 Bf5 13. Ne4 Bxe4 14. Bxe4 f5 15. Bg2 f4 16. Qe2 Qc7 17. Bd2 Rf6 18. b4 axb4 19. axb4 Raf8 20. bxc5 Be5 21. Ne1 Nf5 22. Nf3 fxg3 23. Nxe5 gxh2+ 24. Kh1 Qxe5 25. Rae1 Qc7 26. Qe4 Nce7 27. Bg5 Qxc5 28. Bxf6 Rxf6 29. Qxb7 g5 30. Bd5+ Kg7 31. Qb8 Nxd5 32. cxd5 Qxd5+ 33. Re4 Nd6 34. Qc7+ Rf7 35. Qd8 h6 36. f3 Qc6 37. Re7 Nf5 38. Rxf7+ Kxf7 39. Kxh2 Ne3 40. Rf2 Qc5 41. Qd7+ Kf6 42. Qd8+ Kg7 43. Qd7+ Kg6 44. Qe6+ Kg7 45. Qd7+ Kf6 46. Qd8+ Kf7 47. Qd7+ Kf6 48. Qd8+ 1/2-1/2

[Event "Sofia MGU op 165th"]
[Site "Sofia"]
[Date "2016.03.12"]
[Round "1"]
[White "Metev, Martin"]
[Black "Sharkov, Venko"]
[Result "1-0"]
[WhiteElo "2025"]
[BlackElo "1675"]
[PlyCount "203"]
[EventDate "2016.03.12"]
[EventType "swiss"]
[EventRounds "6"]
[EventCountry "BUL"]
[SourceTitle "CBM 171 Extra"]
[Source "ChessBase"]
[SourceDate "2016.04.26"]
[SourceVersion "1"]
[SourceVersionDate "2016.04.26"]
[SourceQuality "1"]

1. e4 g6 2. d4 Bg7 3. Nf3 d6 4. Nc3 Bg4 5. Be3 c6 6. Be2 d5 7. e5 e6 8. Qd2 Nd7 9. h3 Bxf3 10. Bxf3 h6 11. 0-0 Ne7 12. Be2 Nf5 13. Bd3 Nxe3 14. fxe3 0-0 15. Nd1 Kh7 16. c3 Qe7 17. Rf4 f5 18. exf6 Nxf6 19. Qc2 Qe8 20. Nf2 e5 21. dxe5 Nd7 22. Ng4 Bxe5 23. Rxf8 Nxf8 24. Rf1 Nd7 25. Bxg6+ Qxg6 26. Rf7+ Bg7 27. Qxg6+ Kxg6 28. Rxd7 h5 29. Nf2 Bh6 30. Nd1 Re8 31. Rxb7 Bxe3+ 32. Nxe3 Rxe3 33. Rxa7 Kf5 34. Rf7+ Ke4 35. Re7+ Kd3 36. Rc7 Re1+ 37. Kh2 Re2 38. Rxc6 Rxb2 39. Rc5 Ke4 40. a4 h4 41. Rb5 Ra2 42. Rb4+ Kd3 43. Rd4+ Kxc3 44. Rxd5 Rxa4 45. Rg5 Kd3 46. Rg4 Rc4 47. Rg8 Ke3 48. Rf8 Rf4 49. Ra8 Rd4 50. Rh8 Rf4 51. Kg1 Rd4 52. Rg8 Rd1+ 53. Kh2 Rd4 54. Rg6 Rf4 55. Re6+ Re4 56. Rh6 Rd4 57. Rh8 Rc4 58. Rf8 Rf4 59. Rg8 Rd4 60. Rg5 Rc4 61. Rg6 Rd4 62. Rc6 Kf4 63. Kg1 Rd2 64. Rg6 Rd4 65. Kf2 Kf5 66. Rg8 Rf4+ 67. Ke3 Re4+ 68. Kd3 Ra4 69. Rf8+ Kg5 70. Rd8 Rf4 71. Ke3 Ra4 72. Rd5+ Kg6 73. Re5 Ra1 74. Kf3 Ra3+ 75. Kf4 Ra4+ 76. Re4 Ra5 77. Re6+ Kg7 78. Re5 Ra2 79. Rg5+ Kh6 80. Rg8 Ra4+ 81. Ke3 Ra3+ 82. Kf2 Kh5 83. Re8 Kg5 84. Re3 Ra4 85. Re5+ Kf4 86. Rh5 Ra2+ 87. Kg1 Kg3 88. Rg5+ Kf4 89. Rg4+ Kf5 90. Rxh4 Ra1+ 91. Kh2 Ra2 92. Rg4 Rb2 93. Rg8 Kf4 94. h4 Rc2 95. Kh3 Rc1 96. Rf8+ Ke5 97. h5 Rh1+ 98. Kg4 Rd1 99. Kg5 Ke6 100. h6 Rd7 101. Kg6 Rd2 102. g4 1-0

[Event "Sofia MGU op 165th"]
[Site "Sofia"]
[Date "2016.03.12"]
[Round "2"]
[White "Sharkov, Venko"]
[Black "Sabov, Borislav"]
[Result "1-0"]
[WhiteElo "1675"]
[BlackElo "1570"]
[PlyCount "69"]
[EventDate "2016.03.12"]
[EventType "swiss"]
[EventRounds "6"]
[EventCountry "BUL"]
[SourceTitle "CBM 171 Extra"]
[Source "ChessBase"]
[SourceDate "2016.04.26"]
[SourceVersion "1"]
[SourceVersionDate "2016.04.26"]
[SourceQuality "1"]

1. Nf3 Nf6 2. g3 d5 3. c4 e6 4. Bg2 Be7 5. 0-0 0-0 6. b3 b6 7. Bb2 Bb7 8. e3 c5 9. Nc3 Nc6 10. cxd5 Nxd5 11. Qe2 Bf6 12. Rfd1 Nxc3 13. dxc3 Qc7 14. Nd2 Rad8 15. Ne4 Be7 16. Qh5 Rxd1+ 17. Rxd1 Rd8 18. c4 Rxd1+ 19. Qxd1 Qd8 20. Qg4 g6 21. Qf3 Nb8 22. Qf4 Bxe4 23. Bxe4 f6 24. h4 Kg7 25. h5 g5 26. Qxg5+ Kf8 27. Qh6+ Ke8 28. Qxh7 Qd1+ 29. Kg2 f5 30. Bf3 Qd2 31. Qg6+ Kd7 32. Qg7 Qd6 33. Be5 Qd2 34. Bxb8 Qxa2 35. h6 1-0

[Event "Sofia MGU op 162nd"]
[Site "Sofia"]
[Date "2016.02.14"]
[Round "5"]
[White "Sharkov, Venko"]
[Black "Mladenov, Andrey"]
[Result "1/2-1/2"]
[WhiteElo "1681"]
[BlackElo "1571"]
[PlyCount "110"]
[EventDate "2016.02.13"]
[EventType "swiss"]
[EventRounds "6"]
[EventCountry "BUL"]
[SourceTitle "CBM 170 Extra"]
[Source "ChessBase"]
[SourceDate "2016.02.25"]
[SourceVersion "1"]
[SourceVersionDate "2016.02.25"]
[SourceQuality "1"]

1. d4 d5 2. c4 c6 3. Nf3 Nf6 4. g3 e6 5. Bg2 Be7 6. Nc3 0-0 7. 0-0 Nbd7 8. Qc2 b6 9. e4 dxc4 10. Ne5 Nxe5 11. dxe5 Nd7 12. Rd1 Qc7 13. f4 Nc5 14. Be3 Bb7 15. Ne2 b5 16. b3 Ba6 17. bxc4 bxc4 18. Bf1 Nd3 19. Nc1 Rfd8 20. Nxd3 cxd3 21. Bxd3 Bxd3 22. Rxd3 Rxd3 23. Qxd3 Rd8 24. Qc2 c5 25. Rc1 Rc8 26. Qc4 Qa5 27. Kf2 h6 28. Ke2 Qa3 29. Qb3 Qxb3 30. axb3 Rb8 31. Bxc5 Bxc5 32. Rxc5 Rxb3 33. Rc8+ Kh7 34. Rc7 Kg6 35. Rxa7 Rb2+ 36. Kf3 Rxh2 37. g4 Rh3+ 38. Kg2 Re3 39. f5+ exf5 40. exf5+ Kg5 41. Rxf7 Kxg4 42. e6 h5 43. e7 h4 44. Rxg7+ Kxf5 45. Rf7+ Kg4 46. Kf2 Re6 47. Rg7+ Kh3 48. Kf3 Kh2 49. Rh7 h3 50. Kg4 Rg6+ 51. Kf5 Rg8 52. Rf7 Re8 53. Kf6 Kh1 54. Rf8 Rxe7 55. Kxe7 h2 1/2-1/2

[Event "Teteven op 30th"]
[Site "Teteven"]
[Date "2015.08.12"]
[Round "3"]
[White "Dochev, Delyan"]
[Black "Sharkov, Venko"]
[Result "1-0"]
[WhiteElo "1891"]
[BlackElo "1683"]
[PlyCount "21"]
[EventDate "2015.08.10"]
[EventType "swiss"]
[EventRounds "9"]
[EventCountry "BUL"]
[SourceTitle "CBM 167 Extra"]
[Source "ChessBase"]
[SourceDate "2015.09.14"]
[SourceVersion "1"]
[SourceVersionDate "2015.09.14"]
[SourceQuality "1"]

1. d4 Nf6 2. Bg5 e6 3. Nc3 c5 4. d5 Qb6 5. Qd2 Nxd5 6. Nxd5 exd5 7. Qxd5 Qe6 8. e4 Nc6 9. 0-0-0 b6 10. Bc4 Bb7 11. Qd2 1-0

[Event "Sunny Beach op-C 13th"]
[Site "Sunny Beach"]
[Date "2014.09.06"]
[Round "1"]
[White "Savov, Zheljazko"]
[Black "Sharkov, Venko"]
[Result "1/2-1/2"]
[WhiteElo "1952"]
[BlackElo "1648"]
[PlyCount "26"]
[EventDate "2014.09.06"]
[EventType "swiss"]
[EventRounds "9"]
[EventCountry "BUL"]
[SourceTitle "CBM 162 Extra"]
[Source "ChessBase"]
[SourceDate "2014.10.17"]
[SourceVersion "1"]
[SourceVersionDate "2014.10.17"]
[SourceQuality "1"]

1. e4 c5 2. Nf3 d6 3. c3 Nf6 4. Be2 Nc6 5. d3 g6 6. Bg5 Bg7 7. Nbd2 e5 8. Nc4 0-0 9. 0-0 Qc7 10. Ne3 Be6 11. Qc2 Rac8 12. Nd2 b5 13. f4 exf4 1/2-1/2